01685nam a2200217 a 4500008004100000020001500041041000800056092001700064100002600081245003600107250001100143260003400154300001100188500007100199505086000270590006601130655002101196942001301217999001501230952022201245190917t2006 ag |||g |||| 001 0 spa d a9871144237 aspa c808l77sSAB1 aSabato, Ernesto93235 aAntes del fin /cErnesto Sabato a5a ed. aBuenos Aires:bBooket;c2006. a214 p. aSabato, E. (2006). Antes del fin. (5a ed.). Buenos Aires : Booket. aErnesto Sabato, oscilando entre la desesperación y la fe, nos entrega en este libro su valor, su persistencia incorruptible, su pasión y su lucha ante las adversidades, la solidaridad de cada gesto suyo con los más desposeídos, su total entrega al ser y su permanente esperanza en los jóvenes: "A pesar de la atrocidades ya a la vista, el hombre avanza perforando los últimos intersticios donde se genera la vida". El mítico Parque Lezama, la infancia y los años de juventud, los recuerdos felices y los abrumadores, Matilde y la muerte de Jorge, la difícil decisión de abandonar la ciencia, los interrogantes sobre la existencia de Dios, los desastres de la clonación y los productos radioactivos, los excluidos del sistema, el consumo visto como sustituto del paraíso, la robotización del hombre, desfilan por estas páginas.  a Proyecto 4to libro, donacion Maria Vitarelli Diciembre 2017. aLiteratura92917 2ddccLIT c2614d2614 00102ddc4070aBFMbBFMcCRd2017-12-27eDonación Maria Vitarelli, Diciembre 2017l2o808 77 SABp4120r2018-03-12s2018-02-27tEj. 1w2017-12-27yLITzProyeto 4to libro. Donación Maria Vitarelli, Diciembre 2017